| 000 | 00000nas 2200000za 4500 |
| 001 | 9.836148 |
| 003 | CaOODSP |
| 005 | 20221107150830 |
| 007 | cr ||||||||||| |
| 008 | 170503d19851997oncar p os f0###a0eng|d |
| 040 | |aCaOODSP|beng |
| 041 | |aeng|afre |
| 043 | |an-cn--- |
| 086 | 1 |aR31-3-pdf |
| 245 | 00|aIndian register, population by sex and residence for registry groups, responsibility centres, regions and Canada, December 31, ... |h[electronic resource] / |cLands, Revenues and Trusts (Operations), Indian and Inuit Affairs Program, Department of Indian Affairs and Northern Development = Population du registre des Indiens selon le sexe et la résidence (groupes d'enregistrement, centres des responsabilité, régions et Canada), le 31 décembre ... / Terres, revenus fidéicommis (Opérations), Programme des affairs indiennes et inuit, Ministère des affaires indiennes et du Nord canadien. |
| 246 | 10|aIndian register, population by sex and residence |
| 246 | 31|aPopulation du registre des Indiens selon le sexe et la résidence (groupes d'enregistrement, centres de responsabilité, régions et Canada), le 31 décembre ... |
| 260 | |aOttawa : |bLands, Revenues and Trusts (Operations), Dept. of Indian Affairs and Northern Development = Terres, revenus et fidéicommis (Opérations), Ministère des affaires indiennes et du Nord canadien, |c1986-1998. |
| 310 | |aAnnual. |
| 362 | 0 |a1985-1997. |
| 500 | |aSome issues have title: Indian register, population by sex and residence for registry groups, responsibility centres and regions, December 31, ... . |
| 500 | |aSome issues have title: Indian register, population by sex and residence. |
| 500 | |aDigitized edition from print [produced by Indigenous and Northern Affairs Canada]. |
| 546 | |aText in English and French, |
| 550 | |aIssued 1988-1989 by Membership, Revenues and Band Governance; 1990-1997 by Registration, Revenues and Band Governance. |
| 692 | 07|2gccst|aIndians |
| 692 | 07|2gccst|aDemographic statistics |
| 710 | 1 |aCanada.|bIndian and Northern Affairs Canada.|bMembership, Revenues and Band Governance. |
| 710 | 1 |aCanada.|bRegistration, Revenues and Band Governance Branch. |
| 710 | 1 |aCanada.|bLands, Revenues & Trusts Operations Branch. |
| 780 | 00|tRegistered Indian population by sex and residence for bands, responsibility centres, regions and Canada, December 31 ... |w(CaOODSP)9.836158 |
| 785 | 00|tRegistered Indian population by sex and residence |w(CaOODSP)9.506255 |
| 792 | |tIndian register, population by sex and residence for registry groups, responsibility centres, regions and Canada, December 31, ... |efre|w(CaOODSP)9.836155 |